00545nam a2200181Ia 450000500170000000800410001702000150005808200130007310000150008624500680010126000320016930000180020165000130021965000150023294200060024795200950025399900150034820241003062130.0240331s9999 xx 000 0 und d a0044403666 bGERa820 aGerrard, N 0aInto the mainstream :bhow feminism has changed women's writing aLondonbPandora pressc1989 aix, 178 p ., aFeminist aLiterature cL 001040708LaWERCLbWERCLcSSCd2024-03-31l0o 820 GERp2051r2024-03-31w2024-03-31yL c3161d3161